kultura mangyan talasalitaan: (Record no. 9426)

MARC details
000 -LEADER
fixed length control field 00500nam a22001577a 4500
003 - CONTROL NUMBER IDENTIFIER
control field OSt
005 - DATE AND TIME OF LATEST TRANSACTION
control field 20260415011602.0
008 - FIXED-LENGTH DATA ELEMENTS--GENERAL INFORMATION
fixed length control field 260415b |||||||| |||| 00| 0 eng d
040 ## - CATALOGING SOURCE
Original cataloging agency DWCL GS lib
Transcribing agency OC
082 ## - DEWEY DECIMAL CLASSIFICATION NUMBER
Classification number SC. 306 K96 2005
245 ## - TITLE STATEMENT
Title kultura mangyan talasalitaan:
Remainder of title tinipon ni bapa
Statement of responsibility, etc. Antoon Postma
260 ## - PUBLICATION, DISTRIBUTION, ETC.
Place of publication, distribution, etc. Philippines
Name of publisher, distributor, etc. Mangyan heritage center
Date of publication, distribution, etc. c2005
300 ## - PHYSICAL DESCRIPTION
Extent 76
Dimensions 28cm
700 ## - ADDED ENTRY--PERSONAL NAME
Personal name Antoon Postma
942 ## - ADDED ENTRY ELEMENTS (KOHA)
Source of classification or shelving scheme Dewey Decimal Classification
Koha item type Special Collection
Classification part SC. 306 K96 2005
Suppress in OPAC No
952 ## - LOCATION AND ITEM INFORMATION (KOHA)
--
Holdings
Withdrawn status Lost status Source of classification or shelving scheme Damaged status Not for loan Home library Current library Shelving location Date acquired Source of acquisition Total Checkouts Full call number Barcode Date last seen Price effective from Koha item type Uniform Resource Identifier
    Dewey Decimal Classification     Grade School Library Grade School Library Special Collection 04/15/2026 School Fund, Donation   SC. 306 K96 2005 11559 04/15/2026 04/15/2026 SC